Vista normal
Vista MARC
Entrada Materia (personas)
Número de registros utilizados en: 1
001 - CONTROL NUMBER
- control field: 71272
003 - CONTROL NUMBER IDENTIFIER
- control field: Co-BoUCM
005 - DATE AND TIME OF LATEST TRANSACTION
- control field: 20150903114448.0
008 - FIXED-LENGTH DATA ELEMENTS
- fixed length control field: 150903|| aca||aabn | a|a d
040 ## - CATALOGING SOURCE
- Original cataloging agency: Co-BoUCM
- Transcribing agency: Co-BoUCM
100 ## - HEADING--PERSONAL NAME
- Personal name: Ospina, Tulio
- Dates associated with a name: 1857-1922
670 ## - SOURCE DATA FOUND
- Source citation: Work cat.: (Co-BoUCM): Ospina, Tulio 1857-1922, Protocolo hispanoamericano de la urbandad y el buen tono, [fecha desconocida]